| 000 | 00775cam a2200217 i 4500 | ||
|---|---|---|---|
| 001 | 849021 | ||
| 005 | 20250604101801.0 | ||
| 008 | 790621s1979 mouk b 000 0 eng | ||
| 020 | _a0882434608 | ||
| 050 | 0 | 0 |
_aBV4011 _b.A48 |
| 082 | 0 | 0 | _a253 |
| 245 | 0 | 0 |
_aAnd he gave pastors : _bpastoral theology in action / _ceditor, Thomas F. Zimmerman, associate editors, G. Raymond Carlson, Zenas J. Bicket. |
| 260 |
_aSpringfield, Mo. : _bGospel Pub. House, _cc1979. |
||
| 300 |
_a629 p. : _bforms ; _c23 cm. |
||
| 650 | 0 | _aPastoral theology. | |
| 700 | 1 | _aZimmerman, Thomas F. | |
| 700 | 1 | _aCarlson, G. Raymond. | |
| 700 | 1 | _aBicket, Zenas J. | |
| 856 | 4 | 2 |
_3Contributor biographical information _uhttp://www.loc.gov/catdir/enhancements/fy1208/78050485-b.html |
| 942 |
_2lcc _cBK _n0 |
||
| 999 |
_c6249 _d6249 |
||